00395nam a2200157Ia 45000010006000000050017000060080041000230410008000640820022000721000032000942450058001262600009001843000028001936500008002216540008002291960020260306172705.0260306t2017||||xx |||||||||||||| ||spa|| aESP a340.7bC75 Nº 25 aSalas Sánchez, JulioeAUT 0aSociedades reguladas por la ley general de sociedades c2017 a187 páginas :c20 cm. aGEN aCDE